01340nam a2200433 i 450000100060000000300090000600500170001500800390003201500170007102000150008803500210010304000280012404100080015208000080016008000100016808000120017810000420019024500390023225000270027126000430029830000300034133600270037133700540039833800280045238000160048038000270049638500390052338800140056238800140057650400260059065000150061665000240063165500300065565800340068565800150071971000340073485600980076885600400086624832KOSZ 00520191220092935.0990205s1997 pl a f f |000 0 pol aPB 1999/2360 a8301112417 a(OCoLC)749899832 aWA NcWA NdKOSZ 005/HR0 apol a311 a519.2 a(075.8)1 aSobczyk, Mieczysławd(1945- )eAutor10aStatystyka /cMieczysław Sobczyk. aWyd. 2 popr., dodr. 3. aWarszawa :bWydaw. Naukowe PWN,c1997. a328 s. :bwykr. ;c21 cm. 2rdacontentaTekstbtxt 2rdamediaaBez urządzenia pośredniczącegobn 2rdacarrieraWoluminbnc aKsiążki aPublikacje dydaktyczne mPoziom nauczaniaaSzkoły wyższe a1901-2000 a1989-2000 aBibliogr. s. 325-326. 4aStatystyka 4aMetody statystyczne 4aPodręczniki akademickie aGospodarka, ekonomia, finanse aMatematyka2 aWydawnictwo Naukowe PWN4pbl. uhttp://koha.tu.koszalin.pl/cgi-bin/koha/opac-detail.pl?biblionumber=24832yKatalog online BPK uhttp://libra.ibuk.pl/book/697yIBUK